Statistics for Pokemon regions based off of Countries

Click here to take the quiz!

General Stats

  • This quiz has been taken 47 times
  • The average score is 9 of 9

Answer Stats

Answer% Correct
Japan
98%
Japan
98%
Japan
98%
Japan
98%
United States
98%
United States
98%
France
95%
United Kingdom
95%
Spain
85%

Score Distribution

Percentile by Number Answered

Percent of People with Each Score

Your Score History

You have not taken this quiz